[Event "ENCI Limburg-open A"]
[Site "Maastricht"]
[Date "2007.05.25"]
[Round "1"]
[White "Nabuurs, Joep"]
[Black "Clemens, Adrian HP"]
[Result "0-1"]
[WhiteElo "2157"]
[BlackElo "2327"]
[PlyCount "82"]
[EventDate "2007.05.25"]
[EventType "swiss"]
[EventRounds "7"]
[EventCountry "NED"]
[Source "P.Boonen"]
[SourceDate "2010.01.01"]

1. e4 c5 2. Nf3 d6 3. d4 cxd4 4. Nxd4 Nf6 5. Nc3 a6 6. Qf3 g6 7. h3 Bg7 8. Be3
O-O 9. g4 Nc6 10. O-O-O Bd7 11. Be2 Ne5 12. Qg3 Rc8 13. g5 Nh5 14. Bxh5 Rxc3
15. bxc3 gxh5 16. Kd2 Qa5 17. Ke1 Qxc3+ 18. Kf1 Bc6 19. Qf4 Ng6 20. Qf3 Nh4 21.
Qxh5 Bxe4 22. Qxh4 Bxh1 23. Nf5 Qxc2 24. Nxe7+ Kh8 25. Rxd6 Bf3 26. Qf4 Qb1+
27. Bc1 Be4 28. Qd2 Qb5+ 29. Kg1 Qe5 30. Nc8 Qf5 31. Rd8 Qf3 32. Kf1 Qxh3+ 33.
Ke1 Bf3 34. Rxf8+ Bxf8 35. Bb2+ Kg8 36. Qc3 Qh1+ 37. Kd2 Qd1+ 38. Ke3 Qe2+ 39.
Kf4 Qe4+ 40. Kg3 Qg4+ 41. Kh2 Qg2# 0-1

[Event "ENCI Limburg-open A"]
[Site "Maastricht"]
[Date "2007.05.25"]
[Round "1"]
[White "Nabuurs, Mart"]
[Black "Renette, Hans"]
[Result "1-0"]
[WhiteElo "2096"]
[BlackElo "2241"]
[PlyCount "49"]
[EventDate "2007.05.25"]
[EventType "swiss"]
[EventRounds "7"]
[EventCountry "NED"]
[Source "P.Boonen"]
[SourceDate "2010.01.01"]

1. e4 c5 2. Nc3 Nc6 3. g3 g6 4. Bg2 Bg7 5. d3 d6 6. Be3 e5 7. Qd2 Nge7 8. Bh6
O-O 9. h4 Bxh6 10. Qxh6 f6 11. Qd2 Nd4 12. O-O-O b5 13. h5 g5 14. h6 Kh8 15. f4
gxf4 16. gxf4 Qa5 17. Kb1 Be6 18. Nge2 Rg8 19. Nc1 b4 20. Nd5 Bxd5 21. exd5 Ng6
22. fxe5 fxe5 23. Be4 Nf4 24. Rdg1 Qc7 25. Rg7 1-0

[Event "ENCI Limburg-open A"]
[Site "Maastricht"]
[Date "2007.05.25"]
[Round "1"]
[White "Nijboer, Friso"]
[Black "Van Haren, Marcel"]
[Result "1-0"]
[WhiteElo "2606"]
[BlackElo "1815"]
[PlyCount "66"]
[EventDate "2007.05.25"]
[EventType "swiss"]
[EventRounds "7"]
[EventCountry "NED"]
[Source "P.Boonen"]
[SourceDate "2010.01.01"]

1. e4 e5 2. Nf3 f5 3. d4 fxe4 4. Nxe5 Nf6 5. Bg5 d6 6. Nc4 Be7 7. Ne3 c6 8. c4
Qa5+ 9. Nc3 Qxg5 10. h4 Qa5 11. g4 g5 12. d5 Rg8 13. Qc2 Na6 14. O-O-O Nb4 15.
Qb1 Nxg4 16. Qxe4 Nxf2 17. Qxh7 Rf8 18. a3 Nxd1 19. Ncxd1 cxd5 20. axb4 Qa1+
21. Kd2 gxh4 22. Bd3 Be6 23. cxd5 Bf7 24. Rf1 Rc8 25. Rxf7 Qc1+ 26. Ke1 Rxf7
27. Bb5+ Rc6 28. Qg8+ Rf8 29. Qe6 Rf6 30. Qc8+ Kf7 31. dxc6 bxc6 32. Bxc6 Qb1
33. Bd5+ Kg7 1-0

[Event "ENCI Limburg-open A"]
[Site "Maastricht"]
[Date "2007.05.25"]
[Round "1"]
[White "Oosterman, Maarten Jan"]
[Black "Soors, Stef"]
[Result "0-1"]
[WhiteElo "1959"]
[BlackElo "2061"]
[PlyCount "74"]
[EventDate "2007.05.25"]
[EventType "swiss"]
[EventRounds "7"]
[EventCountry "NED"]
[Source "P.Boonen"]
[SourceDate "2010.01.01"]

1. e4 e6 2. d4 d5 3. Nd2 c5 4. exd5 Qxd5 5. Ngf3 cxd4 6. Bc4 Qd6 7. O-O Nf6 8.
Nb3 Nc6 9. Nbxd4 Nxd4 10. Qxd4 Qxd4 11. Nxd4 Bd7 12. Bf4 Rc8 13. Bb5 Bxb5 14.
Nxb5 Nd5 15. Bg3 a6 16. Nd4 Be7 17. c3 O-O 18. Rfe1 Rc4 19. Nf3 b5 20. Ne5 Ra4
21. b3 Ra3 22. Nc6 Bc5 23. c4 bxc4 24. bxc4 Nb6 25. Re2 Rc8 26. Ne5 f6 27. Nf3
e5 28. Rc2 Rd8 29. Kf1 Rdd3 30. Nd2 Na4 31. f4 Be3 32. Nb1 Bd4 33. Nxa3 Bxa1
34. c5 Rxa3 35. c6 Rc3 36. Rxc3 Bxc3 37. Bf2 Ba5 0-1

[Event "ENCI Limburg-open A"]
[Site "Maastricht"]
[Date "2007.05.25"]
[Round "1"]
[White "Pastoor, Ernst Jan"]
[Black "Scholzen, Wolfgang"]
[Result "1/2-1/2"]
[WhiteElo "1825"]
[BlackElo "2001"]
[PlyCount "53"]
[EventDate "2007.05.25"]
[EventType "swiss"]
[EventRounds "7"]
[EventCountry "NED"]
[Source "P.Boonen"]
[SourceDate "2010.01.01"]

1. d4 Nf6 2. Nf3 c5 3. c3 e6 4. g3 d5 5. Bg2 Nc6 6. O-O Bd6 7. Re1 O-O 8. Nbd2
cxd4 9. Nxd4 Nxd4 10. cxd4 Qb6 11. e3 Bd7 12. Qb3 Qxb3 13. Nxb3 Rfc8 14. Bd2
Ba4 15. Rec1 b6 16. Rxc8+ Rxc8 17. Rc1 Rxc1+ 18. Nxc1 Ne4 19. Be1 Bb5 20. Bf1
Bxf1 21. Kxf1 h5 22. Nd3 h4 23. Bb4 Bc7 24. Ke2 hxg3 25. hxg3 f5 26. Be1 Kf7
27. Nb4 1/2-1/2

[Event "ENCI Limburg-open A"]
[Site "Maastricht"]
[Date "2007.05.25"]
[Round "1"]
[White "Pedersen, Lars Erik"]
[Black "Schilperoort, Jeroen"]
[Result "1/2-1/2"]
[WhiteElo "2053"]
[BlackElo "1946"]
[PlyCount "62"]
[EventDate "2007.05.25"]
[EventType "swiss"]
[EventRounds "7"]
[EventCountry "NED"]
[Source "P.Boonen"]
[SourceDate "2010.01.01"]

1. e4 Nc6 2. Nc3 e6 3. Nf3 Bb4 4. Ne2 d5 5. exd5 exd5 6. Ng3 Bg4 7. Be2 Bxf3 8.
Bxf3 Qe7+ 9. Qe2 Nd4 10. Qxe7+ Nxe7 11. Bd1 Ne6 12. O-O O-O 13. c3 Bd6 14. d4
Rae8 15. Bc2 c6 16. Bd2 Nf4 17. Rfe1 Nc8 18. Kf1 g6 19. Rad1 Nb6 20. b3 Nd7 21.
Re3 Rxe3 22. fxe3 Ne6 23. e4 dxe4 24. Bh6 Rd8 25. Bxe4 Nf6 26. Bf3 Bc7 27. Be3
Nd5 28. Bd2 Bf4 29. Bxf4 Nexf4 30. Bxd5 Nxd5 31. Rd3 f5 1/2-1/2

[Event "ENCI Limburg-open A"]
[Site "Maastricht"]
[Date "2007.05.25"]
[Round "1"]
[White "Ringoir, Tanguy"]
[Black "Rogers, Ian"]
[Result "1/2-1/2"]
[WhiteElo "2199"]
[BlackElo "2513"]
[PlyCount "130"]
[EventDate "2007.05.25"]
[EventType "swiss"]
[EventRounds "7"]
[EventCountry "NED"]
[Source "P.Boonen"]
[SourceDate "2010.01.01"]

1. e4 Nc6 2. Nf3 d6 3. d4 Nf6 4. Nc3 Bg4 5. Bb5 a6 6. Bxc6+ bxc6 7. e5 dxe5 8.
dxe5 Qxd1+ 9. Nxd1 Bxf3 10. exf6 Bd5 11. fxe7 Bxe7 12. O-O O-O-O 13. Be3 Bf6
14. Nc3 Bc4 15. Rfe1 Rhe8 16. a3 Be6 17. Na4 Bf5 18. Rac1 Rd5 19. b4 h5 20. h3
g5 21. Nc5 g4 22. hxg4 hxg4 23. Nxa6 Rh8 24. c4 Rdd8 25. Rcd1 Bd3 26. Bf4 Rh5
27. Nxc7 Bxc4 28. Ne8 Rxd1 29. Rxd1 Be7 30. Nd6+ Bxd6 31. Rxd6 Bb5 32. Rf6 Rh7
33. Rf5 Kd7 34. Rg5 Be2 35. a4 f6 36. Rf5 Rf7 37. Rc5 Bd1 38. Ra5 Ke6 39. b5
cxb5 40. axb5 Rb7 41. Be3 Bc2 42. Kh2 f5 43. Kg3 Be4 44. b6 Bd5 45. Rb5 Bc6 46.
Rb2 Rd7 47. Bf4 Rd3+ 48. Kh2 Bb7 49. Re2+ Kd7 50. Be3 Rd1 51. Bg5 Kc6 52. Re6+
Rd6 53. Re5 Rd5 54. Rxd5 Kxd5 55. Kg3 Ke6 56. Bf4 Ba8 57. f3 gxf3 58. gxf3 Bb7
59. Kf2 Ba8 60. Ke3 Bb7 61. Bb8 Ba8 62. f4 Be4 63. Kd4 Kd7 64. Kc5 Kc8 65. Be5
Kb7 1/2-1/2

[Event "ENCI Limburg-open A"]
[Site "Maastricht"]
[Date "2007.05.25"]
[Round "1"]
[White "Schebler, Gerhard"]
[Black "Wilschut, Peter"]
[Result "1-0"]
[WhiteElo "2530"]
[BlackElo "2202"]
[PlyCount "63"]
[EventDate "2007.05.25"]
[EventType "swiss"]
[EventRounds "7"]
[EventCountry "NED"]
[Source "P.Boonen"]
[SourceDate "2010.01.01"]

1. Nf3 Nf6 2. g3 d5 3. Bg2 e6 4. O-O Be7 5. c4 O-O 6. d4 b6 7. Ne5 Bb7 8. Nc3
c6 9. e4 dxc4 10. a4 c5 11. d5 exd5 12. exd5 Qc8 13. Re1 Re8 14. Nxc4 Bf8 15.
Rxe8 Qxe8 16. Bg5 Nbd7 17. Nb5 Qb8 18. Bf4 Qd8 19. b3 h6 20. a5 g5 21. Bc7 Qc8
22. Ncd6 Bxd6 23. Bxd6 Ne8 24. Be7 a6 25. Nc3 b5 26. h4 gxh4 27. Qg4+ Ng7 28.
Qxh4 Nf8 29. Ne4 Nh7 30. Nd6 Qd7 31. Nxb7 Qxb7 32. d6 1-0

[Event "ENCI Limburg-open A"]
[Site "Maastricht"]
[Date "2007.05.25"]
[Round "1"]
[White "Skrijelj, Redzep"]
[Black "Roufs, Gerard"]
[Result "1-0"]
[WhiteElo "2006"]
[BlackElo "1878"]
[PlyCount "69"]
[EventDate "2007.05.25"]
[EventType "swiss"]
[EventRounds "7"]
[EventCountry "NED"]
[Source "P.Boonen"]
[SourceDate "2010.01.01"]

1. d4 d5 2. c4 dxc4 3. Nc3 e5 4. d5 c6 5. e4 Nf6 6. Bg5 Bc5 7. Bxc4 b5 8. Bb3
b4 9. Na4 Bxf2+ 10. Kf1 Ba6+ 11. Ne2 h6 12. dxc6 Bd4 13. c7 Qxc7 14. Bxf6 Qc6
15. Bxe5 Bxe5 16. Bd5 Qf6+ 17. Ke1 Nc6 18. Rf1 Qd6 19. Bxf7+ Ke7 20. Qxd6+ Kxd6
21. Rd1+ Kc7 22. Bd5 Rhf8 23. Rxf8 Rxf8 24. Rc1 Rf6 25. Nc5 Bxe2 26. Kxe2 Bxb2
27. Rc4 Bc3 28. Ne6+ Rxe6 29. Bxe6 Kd6 30. Bd5 Ne5 31. Rc8 Nd7 32. Rc6+ Ke5 33.
Ke3 Bd4+ 34. Kd3 Nc5+ 35. Kc4 1-0

[Event "ENCI Limburg-open A"]
[Site "Maastricht"]
[Date "2007.05.25"]
[Round "1"]
[White "Snoeck, Rene"]
[Black "Zilverberg, Jasper"]
[Result "0-1"]
[WhiteElo "1897"]
[BlackElo "2013"]
[PlyCount "70"]
[EventDate "2007.05.25"]
[EventType "swiss"]
[EventRounds "7"]
[EventCountry "NED"]
[Source "P.Boonen"]
[SourceDate "2010.01.01"]

1. d4 Nf6 2. g3 c5 3. c3 d5 4. dxc5 e6 5. b4 a5 6. Nf3 axb4 7. cxb4 b6 8. Bg2
bxc5 9. bxc5 Bxc5 10. O-O O-O 11. Nbd2 Bd7 12. Bb2 Ba4 13. Nb3 Nbd7 14. Rc1 Qb6
15. Ne5 Nxe5 16. Bxe5 Ng4 17. Rxc5 Qxc5 18. Bd4 Bxb3 19. axb3 Qd6 20. e4 dxe4
21. Bxe4 Rad8 22. Qxg4 Qxd4 23. Qf3 f5 24. Bc6 Qd3 25. Qxd3 Rxd3 26. b4 Rb3 27.
b5 Rd8 28. Ra1 Rd2 29. Ra8+ Kf7 30. Ra7+ Kf6 31. Ra6 Rbb2 32. b6 Rxf2 33. Bb5
Rg2+ 34. Kf1 Rgc2 35. b7 Rb1# 0-1

[Event "ENCI Limburg-open A"]
[Site "Maastricht"]
[Date "2007.05.25"]
[Round "1"]
[White "Spronkmans, Stefan"]
[Black "Gras, Guillaume"]
[Result "0-1"]
[WhiteElo "1965"]
[BlackElo "2072"]
[PlyCount "80"]
[EventDate "2007.05.25"]
[EventType "swiss"]
[EventRounds "7"]
[EventCountry "NED"]
[Source "P.Boonen"]
[SourceDate "2010.01.01"]

1. Nc3 d5 2. e4 d4 3. Nce2 Nf6 4. d3 e5 5. g3 c5 6. Bg2 g6 7. h3 Bg7 8. f4 Nc6
9. Nf3 O-O 10. O-O Ne8 11. f5 Nd6 12. g4 b5 13. Ng3 c4 14. h4 Bb7 15. Bg5 Qb6
16. f6 Bh8 17. Bh6 Rfe8 18. g5 Rac8 19. h5 cxd3 20. cxd3 Nb4 21. Rf2 Na6 22.
hxg6 hxg6 23. Bh3 Rc7 24. Rh2 Nc5 25. b4 Ncxe4 26. Nxe4 Nxe4 27. dxe4 Bxe4 28.
Bg4 d3+ 29. Kf1 Bxf3 30. Qxf3 e4 31. Re1 e3 32. Bg7 Bxg7 33. fxg7 Kxg7 34. Qh3
e2+ 35. Kg2 Qd4 36. Reh1 Qd5+ 37. Kf2 Qd4+ 38. Kg2 Qd5+ 39. Kf2 e1=Q+ 40. Rxe1
Rc2+ 0-1

[Event "ENCI Limburg-open A"]
[Site "Maastricht"]
[Date "2007.05.25"]
[Round "1"]
[White "Swinkels, Robin"]
[Black "Van den Bersselaar, Jeroen"]
[Result "1/2-1/2"]
[WhiteElo "2433"]
[BlackElo "2189"]
[PlyCount "52"]
[EventDate "2007.05.25"]
[EventType "swiss"]
[EventRounds "7"]
[EventCountry "NED"]
[Source "P.Boonen"]
[SourceDate "2010.01.01"]

1. e4 e5 2. Nf3 Nc6 3. d4 exd4 4. Nxd4 Nf6 5. Nxc6 bxc6 6. e5 Qe7 7. Qe2 Nd5 8.
c4 Nb6 9. Nc3 a5 10. f4 Ba6 11. b3 a4 12. Bb2 Qb4 13. Qc2 Bc5 14. Rd1 O-O 15.
Bd3 d5 16. Bxh7+ Kh8 17. Rd3 Bc8 18. Rg3 axb3 19. axb3 Nxc4 20. Bf5 g6 21. Bxg6
Nxb2 22. Bf5 Ra1+ 23. Ke2 Ba6+ 24. Kf3 Rxh1 25. Rh3+ Kg7 26. Rg3+ Kh8 1/2-1/2

[Event "ENCI Limburg-open A"]
[Site "Maastricht"]
[Date "2007.05.25"]
[Round "1"]
[White "Van Beek, Alexander"]
[Black "Van Gool, Henk"]
[Result "1-0"]
[WhiteElo "2373"]
[BlackElo "2183"]
[PlyCount "103"]
[EventDate "2007.05.25"]
[EventType "swiss"]
[EventRounds "7"]
[EventCountry "NED"]
[Source "P.Boonen"]
[SourceDate "2010.01.01"]

1. Nf3 d5 2. d4 Nf6 3. c4 e6 4. Nc3 Nbd7 5. cxd5 exd5 6. Bg5 Be7 7. e3 c6 8.
Qc2 O-O 9. Bd3 Re8 10. h3 Nf8 11. O-O Ne4 12. Bxe7 Qxe7 13. Bxe4 dxe4 14. Nd2
f5 15. Rab1 Ng6 16. b4 b6 17. b5 c5 18. dxc5 Qxc5 19. Nb3 Qc4 20. Nd4 Bd7 21.
Qb3 Rac8 22. Nd5 Re5 23. Nc3 f4 24. Rfe1 f3 25. gxf3 exf3 26. Nxf3 Rh5 27. Red1
Qxb3 28. Rxb3 Bxh3 29. Nd4 Re8 30. Ra3 Nh4 31. Nce2 Bg4 32. Rc1 Bxe2 33. Nxe2
Rxb5 34. Rxa7 Rb2 35. Rcc7 Nf3+ 36. Kg2 Nh4+ 37. Kg1 Nf3+ 38. Kf1 Rb1+ 39. Kg2
Nh4+ 40. Kh2 Nf5 41. Ng3 Rb2 42. Kg1 Ne7 43. Rxe7 Rxe7 44. Rxe7 Rxa2 45. Rb7
Rb2 46. Kg2 g6 47. Ne4 h5 48. Nf6+ Kf8 49. Rxb6 Rc2 50. Rb7 Rc6 51. Nd7+ Kg8
52. Rb6 1-0

[Event "ENCI Limburg-open A"]
[Site "Maastricht"]
[Date "2007.05.25"]
[Round "1"]
[White "Van Eijk, Sander"]
[Black "Geuss, Paul"]
[Result "0-1"]
[WhiteElo "2259"]
[BlackElo "2138"]
[PlyCount "74"]
[EventDate "2007.05.25"]
[EventType "swiss"]
[EventRounds "7"]
[EventCountry "NED"]
[Source "P.Boonen"]
[SourceDate "2010.01.01"]

1. e4 e5 2. f4 d5 3. exd5 exf4 4. Nf3 Nf6 5. Bb5+ c6 6. dxc6 Nxc6 7. d4 Bd6 8.
O-O O-O 9. c4 Bg4 10. Bxc6 bxc6 11. Nc3 Re8 12. Ne2 Re4 13. Nc3 Re7 14. Bd2 Bc7
15. Ne2 Re4 16. Bc3 Qe7 17. Nc1 Bb6 18. Nb3 Rd8 19. Qc2 Re2 20. Qd3 Re3 21.
Rae1 Bxf3 22. gxf3 Nd5 23. Rxe3 Nxe3 24. Rf2 Qg5+ 25. Kh1 Rd6 26. Nc1 Qh4 27.
Re2 Rg6 28. Qe4 Re6 29. Qd3 Qh5 30. Rf2 Qh4 31. Re2 Qh3 32. Rf2 Nf5 33. c5 Bc7
34. Qa6 h5 35. Qc8+ Kh7 36. Qxc7 Ng3+ 37. Kg1 Rg6 0-1

[Event "ENCI Limburg-open A"]
[Site "Maastricht"]
[Date "2007.05.25"]
[Round "1"]
[White "Van Eijndhoven, Erik"]
[Black "Hamblok, Roel"]
[Result "1-0"]
[WhiteElo "2026"]
[BlackElo "1943"]
[PlyCount "109"]
[EventDate "2007.05.25"]
[EventType "swiss"]
[EventRounds "7"]
[EventCountry "NED"]
[Source "P.Boonen"]
[SourceDate "2010.01.01"]

1. Nf3 Nf6 2. g3 Nc6 3. d4 d6 4. Bg2 g6 5. c4 Bg7 6. Nc3 O-O 7. e4 a6 8. d5 Na5
9. Qd3 c5 10. dxc6 Nxc6 11. O-O Nd7 12. Be3 Nde5 13. Nxe5 Nxe5 14. Qe2 Be6 15.
Nd5 Rc8 16. Rac1 Bxd5 17. cxd5 b5 18. b3 Qd7 19. h3 Qb7 20. f4 Nd7 21. Kh2 Rxc1
22. Rxc1 Rc8 23. Qd2 Rc7 24. e5 Qc8 25. e6 fxe6 26. dxe6 Nf8 27. Bd5 Rxc1 28.
Qxc1 Qxc1 29. Bxc1 Bd4 30. g4 g5 31. fxg5 Ng6 32. Kg3 Kg7 33. Bd2 Be5+ 34. Kf3
Nh4+ 35. Ke4 Ng2 36. Bb7 a5 37. Bxa5 Nf4 38. Kf5 Ne2 39. Ke4 Nf4 40. Bc6 Nxe6
41. Bxb5 Nxg5+ 42. Kf5 h6 43. Bc4 Nf3 44. a4 Nd4+ 45. Ke4 Nc6 46. Bd2 Nd4 47.
Bc3 Nc6 48. Bxe5+ Nxe5 49. a5 Kf6 50. a6 Nc6 51. b4 e6 52. b5 d5+ 53. Bxd5
exd5+ 54. Kxd5 Ne7+ 55. Kc5 1-0

[Event "ENCI Limburg-open A"]
[Site "Maastricht"]
[Date "2007.05.25"]
[Round "1"]
[White "Van der Berg, Bram"]
[Black "Dambacher, Martijn"]
[Result "0-1"]
[WhiteElo "2196"]
[BlackElo "2466"]
[PlyCount "56"]
[EventDate "2007.05.25"]
[EventType "swiss"]
[EventRounds "7"]
[EventCountry "NED"]
[Source "P.Boonen"]
[SourceDate "2010.01.01"]

1. e4 c5 2. c3 d5 3. exd5 Qxd5 4. d4 Nf6 5. Nf3 e6 6. Na3 Qd8 7. Bf4 cxd4 8.
Nxd4 Bc5 9. Bb5+ Bd7 10. b4 Be7 11. O-O O-O 12. Qf3 Nd5 13. Be5 a5 14. Nac2
Bxb5 15. Nxb5 Nc6 16. Bg3 axb4 17. cxb4 Bf6 18. Rad1 Qb6 19. Rxd5 exd5 20. Nc7
Rxa2 21. Nxd5 Qd8 22. Bc7 Qd7 23. Nxf6+ gxf6 24. Qxf6 Qe6 25. Qc3 Rc8 26. b5
Ne7 27. Nb4 Ra4 28. b6 Qxb6 0-1

[Event "ENCI Limburg-open A"]
[Site "Maastricht"]
[Date "2007.05.25"]
[Round "1"]
[White "Van der Zwet, Bart"]
[Black "Taverniers, Peter"]
[Result "1-0"]
[WhiteElo "2000"]
[BlackElo "1812"]
[PlyCount "45"]
[EventDate "2007.05.25"]
[EventType "swiss"]
[EventRounds "7"]
[EventCountry "NED"]
[Source "P.Boonen"]
[SourceDate "2010.01.01"]

1. e4 c6 2. d4 d5 3. Nc3 dxe4 4. Nxe4 Bf5 5. Ng3 Bg6 6. Nf3 Nd7 7. h4 h6 8. h5
Bh7 9. Bd3 Bxd3 10. Qxd3 Ngf6 11. c4 e6 12. Bf4 Bb4+ 13. Ke2 Ba5 14. Qb3 Qb6
15. Bd6 c5 16. dxc5 Nxc5 17. Bxc5 Qxc5 18. Qa4+ Nd7 19. Rad1 O-O-O 20. Ne4 Qb4
21. Nd6+ Kb8 22. Qxb4 Bxb4 23. Nxf7 1-0

[Event "ENCI Limburg-open A"]
[Site "Maastricht"]
[Date "2007.05.25"]
[Round "1"]
[White "Vanwersch, Sander"]
[Black "Steffens, Olaf"]
[Result "1-0"]
[WhiteElo "2126"]
[BlackElo "2258"]
[PlyCount "91"]
[EventDate "2007.05.25"]
[EventType "swiss"]
[EventRounds "7"]
[EventCountry "NED"]
[Source "P.Boonen"]
[SourceDate "2010.01.01"]

1. e4 Nf6 2. e5 Nd5 3. d4 d6 4. exd6 cxd6 5. Nf3 g6 6. c4 Nf6 7. Be2 Bg7 8. O-O
O-O 9. Nc3 d5 10. c5 Nc6 11. a3 Ne4 12. Bf4 Bg4 13. Rb1 f5 14. Qb3 Bxf3 15.
Bxf3 Nxd4 16. Qxd5+ Qxd5 17. Nxd5 e5 18. Bxe4 exf4 19. Bd3 f3 20. g3 Rad8 21.
Bc4 Kh8 22. b4 Ne2+ 23. Kh1 f4 24. g4 Nc3 25. Nxc3 Bxc3 26. Rfd1 Bb2 27. a4
Rfe8 28. Bd5 Re2 29. Kg1 Kg7 30. Bxf3 Red2 31. Rxd2 Rxd2 32. Bxb7 Bd4 33. Rf1
Rb2 34. c6 Bb6 35. a5 Bc7 36. Rd1 Kf6 37. Kg2 Rxb4 38. Rd7 Bxa5 39. c7 Bxc7 40.
Rxc7 h6 41. Ba6 Kg5 42. Be2 Ra4 43. Rc6 a5 44. h3 Ra3 45. Bf3 a4 46. Re6 1-0

[Event "ENCI Limburg-open A"]
[Site "Maastricht"]
[Date "2007.05.25"]
[Round "1"]
[White "Willemze, Thomas"]
[Black "Koenig, Christian"]
[Result "1-0"]
[WhiteElo "2398"]
[BlackElo "2185"]
[PlyCount "63"]
[EventDate "2007.05.25"]
[EventType "swiss"]
[EventRounds "7"]
[EventCountry "NED"]
[Source "P.Boonen"]
[SourceDate "2010.01.01"]

1. e4 c5 2. Nf3 e6 3. b3 b6 4. Bb2 Bb7 5. e5 a6 6. a4 d6 7. exd6 Nf6 8. Na3
Bxd6 9. Nc4 Bc7 10. d4 cxd4 11. Qxd4 Qxd4 12. Bxd4 Nbd7 13. Be2 O-O 14. O-O
Rfd8 15. Ne3 Nd5 16. Nxd5 Bxd5 17. Rfd1 Be4 18. Nd2 Bb7 19. Nc4 Rab8 20. Be3
Kf8 21. Rd2 Ke7 22. Rad1 Bd5 23. Bd4 f6 24. Ne3 Bb7 25. Bd3 g6 26. Bc4 Bf4 27.
Bb2 Bc8 28. Ba3+ Kf7 29. Bd6 Bxd6 30. Rxd6 Re8 31. Rxd7+ Bxd7 32. Rxd7+ 1-0

[Event "ENCI Limburg-open A"]
[Site "Maastricht"]
[Date "2007.05.25"]
[Round "1"]
[White "Winkelmann, Elena"]
[Black "Miedema, Roi"]
[Result "1-0"]
[WhiteElo "2114"]
[BlackElo "2248"]
[PlyCount "143"]
[EventDate "2007.05.25"]
[EventType "swiss"]
[EventRounds "7"]
[EventCountry "NED"]
[Source "P.Boonen"]
[SourceDate "2010.01.01"]

1. d4 e6 2. c4 Nf6 3. Nf3 b6 4. a3 Ba6 5. Qc2 c5 6. e4 cxd4 7. e5 Ng8 8. Nxd4
Qc7 9. Bf4 Ne7 10. Qe4 Qb7 11. Qxb7 Bxb7 12. Nb5 Ng6 13. Bg3 Kd8 14. N1c3 Nc6
15. Ne4 Ncxe5 16. Ned6 Bc6 17. f4 Bxb5 18. Nxb5 Nc6 19. O-O-O a6 20. Nc3 Bc5
21. Rd3 a5 22. Be2 Ke7 23. Rhd1 Rad8 24. Bf3 Nb8 25. f5 exf5 26. Bxb8 Rxb8 27.
Rxd7+ Kf6 28. Nd5+ Kg5 29. Rxf7 b5 30. Rxg7 bxc4 31. Rc7 Rbc8 32. Rg7 c3 33. b4
Bd6 34. Kc2 axb4 35. axb4 Be5 36. Ra7 Nh4 37. b5 Rc5 38. Rb7 Rd8 39. Ne3 Rxd1
40. Bxd1 Kf4 41. Kd3 Kg5 42. g3 Ng6 43. Rf7 Bxg3 44. hxg3 Rxb5 45. Kxc3 h6 46.
Bc2 f4 47. Bxg6 fxe3 48. Bd3 e2 49. Bxe2 Ra5 50. Kd2 Kg6 51. Rf4 Ra3 52. Rf3
Ra5 53. Ke3 Re5+ 54. Kf2 Kg7 55. Rf4 Kg6 56. Bf3 Ra5 57. Kg2 Rc5 58. Kh3 Ra5
59. Kh4 Re5 60. Rc4 Kg7 61. Rc6 Ra5 62. g4 Re5 63. Rc4 Ra5 64. Be4 Re5 65. Bf5
Re1 66. Rc7+ Kf8 67. Kh5 Rh1+ 68. Kg6 Ke8 69. Rh7 h5 70. Rxh5 Rd1 71. Kf6 Kd8
72. g5 1-0

[Event "ENCI Limburg-open A"]
[Site "Maastricht"]
[Date "2007.05.25"]
[Round "1"]
[White "Wislez, Franscis"]
[Black "Polak, Indra"]
[Result "0-1"]
[WhiteElo "2083"]
[BlackElo "2226"]
[PlyCount "138"]
[EventDate "2007.05.25"]
[EventType "swiss"]
[EventRounds "7"]
[EventCountry "NED"]
[Source "P.Boonen"]
[SourceDate "2010.01.01"]

1. c4 Nf6 2. Nc3 d5 3. cxd5 Nxd5 4. Nf3 g6 5. g3 Bg7 6. Bg2 O-O 7. O-O Nb6 8.
d4 Nc6 9. e3 e5 10. dxe5 Qe7 11. a4 Rd8 12. Qe2 a5 13. e4 Bg4 14. Be3 Nxe5 15.
h3 Nxf3+ 16. Bxf3 Bxh3 17. Rfd1 Be6 18. Bxb6 cxb6 19. Nd5 Bxd5 20. exd5 Qb4 21.
Qe4 Qxb2 22. Rab1 Qf6 23. d6 Rxd6 24. Rxd6 Qxd6 25. Qxb7 Rb8 26. Qc6 Qe5 27.
Kg2 Qd4 28. Qe4 Qxe4 29. Bxe4 Rd8 30. Rxb6 Rd2 31. Rb8+ Bf8 32. Rc8 Kg7 33. Rc2
Rd4 34. Bc6 Bb4 35. Bb5 h5 36. Kh3 g5 37. f3 Rd1 38. Kg2 h4 39. gxh4 gxh4 40.
Kh3 Be7 41. Rg2+ Kf8 42. Bc4 Rh1+ 43. Rh2 Rc1 44. Bb5 Bd6 45. Re2 Bg3 46. Kg2
Kg7 47. Bd3 Ra1 48. Bb5 Kf6 49. Rc2 Kg5 50. Rc5+ f5 51. Rc2 Bf4 52. Re2 Bc7 53.
Re7 Bb6 54. Re2 Rg1+ 55. Kh2 Kf4 56. Rb2 Rg3 57. Bc6 Bg1+ 58. Kh1 h3 59. Rc2 h2
60. Rc4+ Kg5 61. Bb7 Kf6 62. Rc6+ Ke5 63. Ra6 Rg7 64. Rxa5+ Kf4 65. Rb5 Kg3 66.
a5 Bf2 67. Rxf5 Rxb7 68. Rg5+ Kh3 69. Rh5+ Bh4 0-1

[Event "ENCI Limburg-open A"]
[Site "Maastricht"]
[Date "2007.05.25"]
[Round "1"]
[White "Wlogalski, Olivier"]
[Black "Roggeveen, Pieter"]
[Result "0-1"]
[WhiteElo "2016"]
[BlackElo "2073"]
[PlyCount "48"]
[EventDate "2007.05.25"]
[EventType "swiss"]
[EventRounds "7"]
[EventCountry "NED"]
[Source "P.Boonen"]
[SourceDate "2010.01.01"]

1. b3 e5 2. Bb2 Nc6 3. e3 Nf6 4. Bb5 Bd6 5. d3 O-O 6. Nd2 Re8 7. Bxc6 dxc6 8.
h3 Bf5 9. Ne2 e4 10. dxe4 Nxe4 11. Nxe4 Bxe4 12. Kf1 c5 13. c4 Qg5 14. f3 Bc6
15. e4 f5 16. exf5 Qxf5 17. Kf2 Rad8 18. Qc1 Qg6 19. Qf1 Qc2 20. Rb1 Bf4 21. g3
Rd2 22. Re1 Be3+ 23. Kg2 Qxb2 24. Rh2 Qf6 0-1

[Event "ENCI Limburg-open A"]
[Site "Maastricht"]
[Date "2007.05.25"]
[Round "1"]
[White "Zachariassen, Bjarne"]
[Black "Mull, Thomas"]
[Result "0-1"]
[WhiteElo "1946"]
[BlackElo "2042"]
[PlyCount "72"]
[EventDate "2007.05.25"]
[EventType "swiss"]
[EventRounds "7"]
[EventCountry "NED"]
[Source "P.Boonen"]
[SourceDate "2010.01.01"]

1. e4 c5 2. c3 e6 3. d4 d5 4. exd5 Qxd5 5. Nf3 Nf6 6. Bd3 Nc6 7. O-O cxd4 8.
cxd4 a6 9. Nc3 Qd8 10. Re1 Be7 11. Bg5 O-O 12. Qe2 Nb4 13. Bb1 Ra7 14. Ne5 Nbd5
15. Qd3 g6 16. Qf3 Nxc3 17. bxc3 Ne8 18. Bh6 Ng7 19. Be4 f6 20. Nxg6 hxg6 21.
Bxg6 Bd6 22. Qg4 b5 23. Re3 f5 24. Qh3 Qf6 25. Bf4 Ne8 26. Be5 Bxe5 27. dxe5
Qh8 28. Qf3 Rg7 29. Bxe8 Rxe8 30. Qc6 Rd8 31. Qb6 Kf7 32. Rae1 Rd7 33. Rf3 Qh5
34. Qc6 Rg8 35. Rg3 Rxg3 36. Qxc8 Rgd3 0-1

[Event "ENCI Limburg-open A"]
[Site "Maastricht"]
[Date "2007.05.26"]
[Round "2"]
[White "Clemens, Adrian HP"]
[Black "Nijboer, Friso"]
[Result "0-1"]
[WhiteElo "2327"]
[BlackElo "2606"]
[PlyCount "44"]
[EventDate "2007.05.25"]
[EventType "swiss"]
[EventRounds "7"]
[EventCountry "NED"]
[Source "P.Boonen"]
[SourceDate "2010.01.01"]

1. d4 f5 2. g3 Nf6 3. Nf3 g6 4. c4 Bg7 5. b4 O-O 6. Bb2 c6 7. Bg2 a5 8. a3 d5
9. c5 Ne4 10. O-O b6 11. Nc3 bxc5 12. bxc5 Nd7 13. Na4 Ba6 14. Rb1 Rb8 15. Qc2
Qc7 16. Rfc1 f4 17. Nc3 fxg3 18. hxg3 Nxf2 19. Kxf2 Bxd4+ 20. e3 Bxe3+ 21. Kxe3
Qxg3 22. Rg1 Ne5 0-1